Score 0/10 Timer 01:00
4 Plays Today
% Correct
James Joyce
79.4%
Michael Collins
73.8%
Ernest Shackleton
70.6%
George Bernard Shaw
68.9%
Robert Boyle
64.4%
Mary Robinson
64.3%
Samuel Beckett
60.1%
Mary Mallon
47%
Grace O'Malley
39.8%
Iris Murdoch
31.9%

Today's Daily Dose

Remove Ads.
Support Sporcle.
Get the best of Sporcle when you Go Orange. This ad-free experience offers more features, more stats, and more fun while also helping to support Sporcle. Thank you for becoming a member.

You're not logged in!

Compare scores with friends on all Sporcle quizzes.
OR
Log In

Show Comments

Extras

Top Quizzes Today


Score Distribution

Your Account Isn't Verified!

In order to create a playlist on Sporcle, you need to verify the email address you used during registration. Go to your Sporcle Settings to finish the process.

Report this User

Report this user for behavior that violates our Community Guidelines.

Details: